Oklahoma County Seats - Statistics

General Stats
  • This quiz has been taken 101 times
  • The average score is 55 of 77
Answer Stats
County County Seats % Correct
Oklahoma Oklahoma City
100%
Cleveland Norman
96%
Tulsa Tulsa
96%
Pontotoc Ada
92%
Texas Guymon
92%
Comanche Lawton
92%
Bryan Durant
88%
Garfield Enid
88%
Muskogee Muskogee
88%
Nowata Nowata
88%
Okmulgee Okmulgee
88%
Pottawatomie Shawnee
88%
Payne Stillwater
88%
Washington Bartlesville
84%
Canadian El Reno
84%
Kingfisher Kingfisher
84%
Pittsburg McAlester
84%
Cherokee Tahlequah
84%
Carter Ardmore
80%
Atoka Atoka
80%
Cimarron Boise City
80%
Osage Pawhuska
80%
Wagoner Wagoner
80%
Woodward Woodward
80%
Jackson Altus
76%
Pushmataha Antlers
76%
Beaver Beaver
76%
Grady Chickasha
76%
Coal Coalgate
76%
Stephens Duncan
76%
Logan Guthrie
76%
McCurtain Idabel
76%
Ottawa Miami
76%
Lincoln Chandler
72%
Alfalfa Cherokee
72%
Choctaw Hugo
72%
Okfuskee Okemah
72%
Pawnee Pawnee
72%
McClain Purcell
72%
Craig Vinita
72%
Woods Alva
68%
Caddo Anadarko
68%
Rogers Claremore
68%
Hughes Holdenville
68%
Garvin Pauls Valley
68%
Noble Perry
68%
LeFlore Poteau
68%
Sequoyah Sallisaw
68%
Creek Sapulpa
68%
Johnston Tishomingo
68%
Seminole Wewoka
68%
Tillman Frederick
64%
Kiowa Hobart
64%
Marshall Madill
64%
Greer Mangum
64%
Love Marietta
64%
Murray Sulphur
64%
Roger Mills Cheyenne
60%
McIntosh Eufaula
60%
Harmon Hollis
60%
Mayes Pryor
60%
Blaine Watonga
60%
Jefferson Waurika
60%
Latimer Wilburton
60%
Harper Buffalo
56%
Grant Medford
56%
Kay Newkirk
56%
Beckham Sayre
56%
Adair Stilwell
56%
Major Fairview
52%
Delaware Jay
52%
Haskell Stigler
52%
Cotton Walters
52%
Washita New Cordell
48%
Ellis Arnett
44%
Dewey Taloga
44%
Custer Arapaho
40%
No matching quizzes found
Score Distribution
Percent of People with Each Score
Percentile by Number Answered
Your Score History
You have not taken this quiz